|
|
|
|
| LEADER |
01267cam a2200301 a 4500 |
| 001 |
4280775 |
| 003 |
GR-PaULI |
| 005 |
20240916094145.0 |
| 008 |
851119s1998 fr a b 001 0 fre |
| 952 |
|
|
|0 0
|1 0
|2 ddc
|4 0
|6 246_500000000000000_GRA
|7 0
|9 232337
|a LISA
|b LISA
|c BSC
|d 2019-05-28
|i 14983
|l 0
|o 246.5 GRA
|p 025000262358
|r 2019-05-28 00:00:00
|t 1
|w 2019-05-28
|y BK15
|
| 999 |
|
|
|c 141117
|d 141117
|
| 020 |
|
|
|a 2080816349
|
| 020 |
|
|
|a 9782080816344
|
| 040 |
|
|
|a DLC
|b gre
|c DLC
|d DLC
|d GR-AiPI
|e AACR2
|
| 082 |
|
|
|a 246.5
|2 23
|
| 100 |
1 |
|
|a Grabar, André,
|d 1896-1990.
|e συγγραφέας.
|
| 245 |
1 |
2 |
|a L'iconoclasme byzantin :
|b le dossier archéologique /
|c André Grabar.
|
| 250 |
|
|
|a 2e éd. rev. et augm.
|
| 260 |
|
|
|a Paris :
|b Flammarion,
|c 1998.
|
| 300 |
|
|
|a 398 σ. :
|b εικ. ;
|c 24 εκ.
|
| 490 |
1 |
|
|a Idées et recherches
|
| 504 |
|
|
|a Περιλαμβάνει βιβλιογραφικές παραπομπές και ευρετήριο.
|
| 650 |
|
0 |
|a Εικονομαχία
|z Βυζαντινή Αυτοκρατορία
|9 175741
|
| 650 |
|
4 |
|a Βυζαντινές αρχαιότητες.
|9 75592
|
| 650 |
|
4 |
|a Εκκλησιαστική ιστορία
|9 44323
|
| 830 |
|
0 |
|9 175739
|a Idées et recherches
|
| 942 |
|
|
|2 ddc
|c BK15
|
| 998 |
|
|
|c ΛΟΥΚΟΠΟΥΛΟΥ
|d 2019-05
|